Stati per esportazioni di Diamanti - Statistics

Statistiche generali
  • Questo quiz è stato fatto 14 volte
  • Il punteggio medio è 7 su 10
Statistiche sulle risposte
Esportazioni (miliardi $) Continente Nazione % Corretto
2,35 America del Nord Canada
100%
5,58 Asia / Europa Russia
100%
5,64 America del Nord Stati Uniti
92%
10,9 Africa Sudafrica
92%
29,4 Asia India
83%
18,9 Europa Belgio
67%
2,95 Europa Svizzera
67%
8,22 Asia Emirati Arabi Uniti
42%
14,1 Asia Israele
42%
1,91 Asia Angola
8%
Nessun quiz corrispondente trovato
Distribuzione punteggi
Percentuale di utenti per punteggio
Percentile per numero di risposta
I tuoi punteggi nel tempo
Non hai fatto questo quiz